Library Logo

Hurricane Katrina and the Forgotten Coast of Mississippi / [electronic resource] (Record no. 236722)

000 -LEADER
fixed length control field 02282nam a22003738a 4500
001 - CONTROL NUMBER
control field CR9781139161831
003 - CONTROL NUMBER IDENTIFIER
control field UkCbUP
005 - DATE AND TIME OF LATEST TRANSACTION
control field 20180107143415.0
006 - FIXED-LENGTH DATA ELEMENTS--ADDITIONAL MATERIAL CHARACTERISTICS
fixed length control field m|||||o||d||||||||
007 - PHYSICAL DESCRIPTION FIXED FIELD--GENERAL INFORMATION
fixed length control field cr||||||||||||
008 - FIXED-LENGTH DATA ELEMENTS--GENERAL INFORMATION
fixed length control field 110921s2014||||enk s ||1 0|eng|d
020 ## - INTERNATIONAL STANDARD BOOK NUMBER
International Standard Book Number 9781139161831 (ebook)
020 ## - INTERNATIONAL STANDARD BOOK NUMBER
Canceled/invalid ISBN 9781107023949 (hardback)
040 ## - CATALOGING SOURCE
Original cataloging agency UkCbUP
Transcribing agency UkCbUP
Description conventions rda
050 00 - LIBRARY OF CONGRESS CALL NUMBER
Classification number HV636
Item number 2005.M7 $b C87 2014
082 00 - DEWEY DECIMAL CLASSIFICATION NUMBER
Classification number n/a
Edition number n/a
100 1# - MAIN ENTRY--PERSONAL NAME
Personal name Cutter, Susan,
Relator term author.
245 10 - TITLE STATEMENT
Title Hurricane Katrina and the Forgotten Coast of Mississippi / [electronic resource]
Statement of responsibility, etc. Susan Cutter, Christopher T. Emrich, Jerry T. Mitchell, Walter W. Piegorsch, Mark M. Smith, Lynn Weber.
246 3# - VARYING FORM OF TITLE
Title proper/short title Hurricane Katrina & the Forgotten Coast of Mississippi
264 #1 - PRODUCTION, PUBLICATION, DISTRIBUTION, MANUFACTURE, AND COPYRIGHT NOTICE
Place of production, publication, distribution, manufacture Cambridge :
Name of producer, publisher, distributor, manufacturer Cambridge University Press,
Date of production, publication, distribution, manufacture, or copyright notice 2014.
300 ## - PHYSICAL DESCRIPTION
Extent 1 online resource (207 pages) :
Other physical details digital, PDF file(s).
336 ## - CONTENT TYPE
Content type term text
Content type code txt
Source rdacontent
337 ## - MEDIA TYPE
Media type term computer
Media type code c
Source rdamedia
338 ## - CARRIER TYPE
Carrier type term online resource
Carrier type code cr
Source rdacarrier
500 ## - GENERAL NOTE
General note Title from publisher's bibliographic system (viewed on 09 Oct 2015).
520 ## - SUMMARY, ETC.
Summary, etc. Hurricane Katrina slammed into the Gulf Coast in August 2005 with devastating consequences. Almost all analyses of the disaster have been dedicated to the way the hurricane affected New Orleans. This volume examines the impact of Katrina on southern Mississippi. While communities along Mississippi's Gulf Coast shared the impact, their socioeconomic and demographic compositions varied widely, leading to different types and rates of recovery. This volume furthers our understanding of the pace of recovery and its geographic extent, and explores the role of inequalities in the recovery process and those antecedent conditions that could give rise to a 'recovery divide'. It will be especially appealing to researchers and advanced students of natural disasters and policy makers dealing with disaster consequences and recovery.
700 1# - ADDED ENTRY--PERSONAL NAME
Personal name Emrich, Christopher T.,
Relator term author.
700 1# - ADDED ENTRY--PERSONAL NAME
Personal name Mitchell, Jerry T.,
Relator term author.
700 1# - ADDED ENTRY--PERSONAL NAME
Personal name Piegorsch, Walter W.,
Relator term author.
700 1# - ADDED ENTRY--PERSONAL NAME
Personal name Smith, Mark M.,
Relator term author.
700 1# - ADDED ENTRY--PERSONAL NAME
Personal name Weber, Lynn,
Relator term author.
776 08 - ADDITIONAL PHYSICAL FORM ENTRY
Relationship information Print version:
International Standard Book Number 9781107023949
856 40 - ELECTRONIC LOCATION AND ACCESS
Uniform Resource Identifier http://dx.doi.org/10.1017/CBO9781139161831
Public note Cambridge Books Online

No items available.

Last Updated on September 15, 2019
© Dhaka University Library. All Rights Reserved|Staff Login